[Event "KAZ-ch qual"]
[Site "Astana"]
[Date "2012.02.27"]
[Round "7"]
[White "Sergazin, Almat"]
[Black "Ibrayev, G."]
[Result "0-1"]
[WhiteElo "2139"]
[BlackElo "2196"]
[PlyCount "68"]
[EventDate "2012.02.21"]
[EventType "swiss"]
[EventRounds "9"]
[EventCountry "KAZ"]
[SourceTitle "EXT 2014"]
[Source "ChessBase"]
[SourceDate "2013.11.20"]
[SourceVersion "1"]
[SourceVersionDate "2013.11.20"]
[SourceQuality "1"]

1. c4 Nf6 2. Nc3 g6 3. e4 d6 4. d4 Bg7 5. Nf3 0-0 6. Be2 e5 7. 0-0 Nc6 8. d5 Ne7 9. b4 a5 10. b5 Nd7 11. Bd2 h6 12. Ne1 f5 13. Nd3 b6 14. f4 Nc5 15. Nxc5 dxc5 16. Rc1 exf4 17. Bxf4 g5 18. Bg3 f4 19. Bf2 Ng6 20. Bg4 Ne5 21. Bxc8 Rxc8 22. Nb1 g4 23. Kh1 Qg5 24. g3 Nf3 25. Nd2 Nxh2 26. Kxh2 Qh5+ 27. Kg1 fxg3 28. Bxg3 Bd4+ 29. Rf2 Qh3 30. Nf1 Rf3 31. Rcc2 Rcf8 32. Qe1 Rxg3+ 33. Nxg3 Qxg3+ 34. Kf1 Qh3+ 0-1

[Event "KAZ-ch qual"]
[Site "Astana"]
[Date "2012.02.24"]
[Round "4"]
[White "Sergazin, Almat"]
[Black "Khusnutdinov, Rustam"]
[Result "0-1"]
[WhiteElo "2139"]
[BlackElo "2492"]
[PlyCount "52"]
[EventDate "2012.02.21"]
[EventType "swiss"]
[EventRounds "9"]
[EventCountry "KAZ"]
[SourceTitle "EXT 2014"]
[Source "ChessBase"]
[SourceDate "2013.11.20"]
[SourceVersion "1"]
[SourceVersionDate "2013.11.20"]
[SourceQuality "1"]

1. c4 Nf6 2. d4 g6 3. Nc3 d5 4. cxd5 Nxd5 5. e4 Nxc3 6. bxc3 Bg7 7. Bc4 c5 8. Ne2 Nc6 9. Be3 0-0 10. 0-0 Qc7 11. Qc1 Bd7 12. f3 cxd4 13. cxd4 Rac8 14. Rb1 e6 15. Bd3 Qa5 16. Qb2 Rc7 17. Rfd1 Bc8 18. Qb5 Qxb5 19. Bxb5 a6 20. Bxc6 Rxc6 21. Rdc1 Rxc1+ 22. Rxc1 Bd7 23. Rc7 Bc6 24. Kf2 Bf6 25. g3 Ra8 26. d5 Be5 0-1

[Event "KAZ-ch qual"]
[Site "Astana"]
[Date "2012.02.22"]
[Round "2"]
[White "Sergazin, Almat"]
[Black "Temirov, Bakhyt"]
[Result "1-0"]
[WhiteElo "2139"]
[BlackElo "2322"]
[PlyCount "47"]
[EventDate "2012.02.21"]
[EventType "swiss"]
[EventRounds "9"]
[EventCountry "KAZ"]
[SourceTitle "EXT 2014"]
[Source "ChessBase"]
[SourceDate "2013.11.20"]
[SourceVersion "1"]
[SourceVersionDate "2013.11.20"]
[SourceQuality "1"]

1. c4 d6 2. d4 Nf6 3. Nc3 g6 4. Nf3 Bg7 5. g3 0-0 6. Bg2 Be6 7. Qb3 Bc8 8. 0-0 Nc6 9. Rd1 Rb8 10. Qa3 Bg4 11. b4 Bxf3 12. exf3 e5 13. dxe5 Nxe5 14. c5 Nfd7 15. f4 Nc6 16. Be3 Ne7 17. cxd6 cxd6 18. Rac1 a6 19. Nd5 Nf5 20. Rc7 Nf6 21. Bb6 Nd7 22. Ba7 Rc8 23. Rxb7 Nf6 24. Qd3 1-0